[Event "WY U-16 Chess Olympiad 2019"]
[Site "Corum"]
[Date "2019.10.30"]
[Round "3"]
[White "Pheephacharakan, Pinatpong"]
[Black "Ahmed, Jaza Jamal"]
[Result "1-0"]
[WhiteElo "1785"]
[BlackElo "2011"]
[Annotator "NA"]
[PlyCount "112"]
[EventDate "2019.10.28"]
[EventType "team-tourn"]
[EventCountry "TUR"]
[SourceTitle "playchess.com"]
[Source "ChessBase"]
[SourceQuality "1"]

1. c4 Nf6 2. Nc3 g6 3. g3 Bg7 4. Bg2 O-O 5. e4 e5 6. Nge2 d6 7. d3 Nbd7 8. h3 a5 9. Be3 Nc5 10. O-O c6 11. f4 Nfd7 12. f5 Na6 13. g4 Ndc5 14. a3 Nc7 15. g5 f6 16. h4 fxg5 17. Bxg5 Bf6 18. Bh6 Bg7 19. Bg5 Bf6 20. Bh6 Re8 21. h5 Bg5 22. Bxg5 Qxg5 23. hxg6 hxg6 24. Rf3 Kf7 25. fxg6+ Kg8 26. Rg3 Qf6 27. Qd2 Nb3 28. Qh6 Qg7 29. Qxg7+ Kxg7 30. Rf1 Re7 31. Nd1 Ne6 32. Ne3 Ned4 33. Nxd4 Nxd4 34. Rf2 Be6 35. Nf5+ Bxf5 36. exf5 Rf8 37. Bh3 b5 38. cxb5 cxb5 39. Bg4 Kf6 40. Kg2 d5 41. Rh3 e4 42. dxe4 dxe4 43. Re3 Kg5 44. g7 Rxg7 45. Rxe4 Nxf5 46. Bxf5 Rxf5 47. Rxf5+ Kxf5+ 48. Kf3 Rg3+ 49. Kxg3 Kxe4 50. Kf2 Kd3 51. Ke1 Kc2 52. b4 a4 53. Ke2 Kb3 54. Kd2 Kxa3 55. Kc3 Ka2 56. Kc2 a3 1-0

[Event "WY U-16 Chess Olympiad 2019"]
[Site "Corum"]
[Date "2019.10.30"]
[Round "3"]
[White "Onufrienko, Vladislav"]
[Black "de Jager, Andreas"]
[Result "0-1"]
[WhiteElo "1780"]
[BlackElo "1728"]
[Annotator "NA"]
[PlyCount "158"]
[EventDate "2019.10.28"]
[EventType "team-tourn"]
[EventCountry "TUR"]
[SourceTitle "playchess.com"]
[Source "ChessBase"]
[SourceQuality "1"]

1. e4 c5 2. Nc3 Nc6 3. f4 e6 4. Nf3 Nge7 5. g3 a6 6. a4 g6 7. Bg2 Bg7 8. O-O O-O 9. d3 d5 10. e5 Bd7 11. Qe1 Nf5 12. Ne2 Rc8 13. c3 Na5 14. g4 Ne7 15. Ra3 Qb6 16. Qh4 Nec6 17. f5 exf5 18. Bh6 Nxe5 19. Ng5 Qf6 20. gxf5 Bxf5 21. Ng3 Rcd8 22. Bh3 Bxh6 23. Qxh6 Qg7 24. Qxg7+ Kxg7 25. Nxf5+ gxf5 26. Bxf5 h6 27. Nh3 Ng6 28. Raa1 Rfe8 29. Rae1 Nb3 30. Bxg6 fxg6 31. Nf4 Rxe1 32. Rxe1 Kf6 33. Kf2 g5 34. Nh5+ Kg6 35. Ng3 Rd6 36. Re8 Rb6 37. Re5 Nc1 38. Rxd5 Rxb2+ 39. Ke3 Rxh2 40. Rd6+ Kf7 41. Rd7+ Ke8 42. Rxb7 Rh3 43. Kf3 Nxd3 44. Kg4 Nf2+ 45. Kf3 Nh1 46. Kg2 Rxg3+ 47. Kxh1 Rxc3 48. Rb6 Ra3 49. Rxa6 Kd7 50. Rxh6 Rxa4 51. Kg2 c4 52. Kf3 c3 53. Ke2 c2 54. Kd2 Rh4 55. Rg6 Rh2+ 56. Kc1 Rg2 57. Rg7+ Kd6 58. Rg8 Ke5 59. Rf8 Ke4 60. Rc8 g4 61. Rf8 Ke3 62. Rf7 Rf2 63. Rg7 Kf3 64. Rf7+ Kg2 65. Rg7 g3 66. Rg8 Re2 67. Ra8 Kf1 68. Rf8+ Rf2 69. Ra8 g2 70. Ra1 g1=Q 71. Kb2+ Kg2 72. Rxg1+ Kxg1 73. Kc1 Kg2 74. Kb2 Kf3 75. Kc1 Ke3 76. Kb2 Kd2 77. Ka2 Rf3 78. Kb2 c1=Q+ 79. Ka2 Ra3# 0-1

[Event "WY U-16 Chess Olympiad 2019"]
[Site "Corum"]
[Date "2019.10.30"]
[Round "3"]
[White "Buyuk, Ecrin Efsa"]
[Black "Shaul Seidner, Liad"]
[Result "1-0"]
[WhiteElo "1747"]
[BlackElo "1647"]
[Annotator "NA"]
[PlyCount "109"]
[EventDate "2019.10.28"]
[EventType "team-tourn"]
[EventCountry "TUR"]
[SourceTitle "playchess.com"]
[Source "ChessBase"]
[SourceQuality "1"]

1. e4 c5 2. Nf3 e6 3. g3 Nc6 4. Bg2 Nf6 5. e5 Ng4 6. Qe2 Qc7 7. d3 Ngxe5 8. O-O Nxf3+ 9. Qxf3 Nd4 10. Qd1 Be7 11. c3 Nc6 12. Nd2 d5 13. Re1 O-O 14. Qe2 Bf6 15. f4 Be7 16. a4 a6 17. Kh1 Bd7 18. Nf3 b5 19. axb5 axb5 20. Be3 b4 21. c4 d4 22. Bf2 Ra5 23. Rxa5 Qxa5 24. Ne5 Nxe5 25. Qxe5 Qb6 26. Kg1 Bc6 27. Bh3 Bf6 28. Qe2 Ra8 29. f5 e5 30. g4 Re8 31. Bg2 Bxg2 32. Kxg2 h6 33. Qe4 Qa6 34. Bg3 Qd6 35. Re2 Qd7 36. Re1 Re7 37. Kf3 Bg5 38. h4 Be3 39. Ra1 f6 40. Ra5 Qd6 41. Qa8+ Kf7 42. Qe4 Qb6 43. Qd5+ Kf8 44. Rxc5 Qb7 45. Rb5 Qxd5+ 46. cxd5 Bd2 47. Ke2 Bc1 48. Rxb4 Rd7 49. Rb5 Ke7 50. Be1 Rc7 51. Bb4+ Kd7 52. d6 Ra7 53. Bc5 Ra8 54. Rb7+ Kc8 55. Rxg7 1-0

[Event "WY U-16 Chess Olympiad 2019"]
[Site "Corum"]
[Date "2019.10.30"]
[Round "3"]
[White "Asavasaetakul, Chawit"]
[Black "Risteski, Emil"]
[Result "1/2-1/2"]
[WhiteElo "1746"]
[BlackElo "2197"]
[Annotator "NA"]
[PlyCount "73"]
[EventDate "2019.10.28"]
[EventType "team-tourn"]
[EventCountry "TUR"]
[SourceTitle "playchess.com"]
[Source "ChessBase"]
[SourceQuality "1"]

1. e4 c5 2. c3 Nf6 3. e5 Nd5 4. d4 cxd4 5. cxd4 d6 6. Nf3 Nc6 7. Bc4 e6 8. O-O Be7 9. Qe2 O-O 10. Rd1 Bd7 11. Bxd5 exd5 12. Nc3 Be6 13. Bf4 dxe5 14. dxe5 Qa5 15. a3 Rfd8 16. b4 Qc7 17. Rac1 Qd7 18. Ne4 Bg4 19. Nc5 Bxc5 20. Rxc5 Qf5 21. Bg3 d4 22. Qd3 Qxd3 23. Rxd3 Bxf3 24. gxf3 Rd7 25. f4 Ne7 26. Kf1 Nf5 27. Ke2 h5 28. f3 Kf8 29. Rd2 Ke7 30. Kd3 Ke6 31. Ke4 Rad8 32. Kd3 g6 33. Rdc2 Ke7 34. Rc7 Ke6 35. Bf2 a6 36. R2c4 Ke7 37. Ke4 1/2-1/2

[Event "WY U-16 Chess Olympiad 2019"]
[Site "Corum"]
[Date "2019.10.30"]
[Round "3"]
[White "Iskakbaev, Ibraim"]
[Black "Bester, Carla"]
[Result "1-0"]
[WhiteElo "1741"]
[BlackElo "1260"]
[Annotator "NA"]
[PlyCount "131"]
[EventDate "2019.10.28"]
[EventType "team-tourn"]
[EventCountry "TUR"]
[SourceTitle "playchess.com"]
[Source "ChessBase"]
[SourceQuality "1"]

1. d4 Nf6 2. c4 c5 3. d5 b5 4. cxb5 a6 5. Nc3 axb5 6. e4 Ba6 7. e5 Ng8 8. Bd2 b4 9. Nb5 Bxb5 10. Bxb5 g6 11. Qf3 Ra5 12. Bc4 Bg7 13. Qe2 Nh6 14. Nf3 O-O 15. O-O e6 16. a3 Qb6 17. axb4 cxb4 18. Rxa5 Qxa5 19. Qe1 Qc7 20. b3 exd5 21. Bxd5 Qa5 22. Bc4 Nc6 23. Qc1 Nf5 24. e6 dxe6 25. Bxe6 Ncd4 26. Nxd4 Nxd4 27. Bc4 Qa3 28. Qe1 Nc2 29. Qe4 Nd4 30. h3 h6 31. Qxg6 Kh8 32. Bxf7 Qa7 33. Bc4 Rf6 34. Qg4 Qb6 35. Be3 Rf8 36. Rd1 Rd8 37. Re1 Qc7 38. Qh4 Nf5 39. Bf4 Qb6 40. Qh5 Qf6 41. Be5 Qg5 42. Bxg7+ Nxg7 43. Qxg5 hxg5 44. Re5 Rd1+ 45. Kh2 Rd2 46. f3 Nh5 47. Rxg5 Nf4 48. Rg4 Nxg2 49. Rxg2 Rxg2+ 50. Kxg2 Kg7 51. Kg3 Kg6 52. Kg4 Kf6 53. h4 Kg7 54. Kg5 Kh7 55. f4 Kg7 56. f5 Kh7 57. Kf6 Kh8 58. Ke7 Kg7 59. f6+ Kh8 60. f7 Kh7 61. Bd3+ Kh6 62. f8=Q+ Kh5 63. Qg7 Kxh4 64. Be4 Kh3 65. Bf3 Kh4 66. Qg4# 1-0

[Event "WY U-16 Chess Olympiad 2019"]
[Site "Corum"]
[Date "2019.10.30"]
[Round "3"]
[White "Foo, Jiu Weir Brien"]
[Black "Xi, Qi"]
[Result "0-1"]
[WhiteElo "1731"]
[BlackElo "2241"]
[Annotator "NA"]
[PlyCount "78"]
[EventDate "2019.10.28"]
[EventType "team-tourn"]
[EventCountry "TUR"]
[SourceTitle "playchess.com"]
[Source "ChessBase"]
[SourceQuality "1"]

1. e4 e6 2. d4 d5 3. e5 c5 4. c3 Qb6 5. Nf3 Nc6 6. a3 c4 7. g3 Na5 8. Nbd2 Bd7 9. Bg2 f5 10. Rb1 Qc7 11. O-O Ne7 12. b4 cxb3 13. Nxb3 Ba4 14. Nfd2 Qxc3 15. Bb2 Qd3 16. Nc5 Bxd1 17. Nxd3 Bc2 18. Nf4 Bxb1 19. Rxb1 Rc8 20. Nxe6 Rc2 21. Nf1 Nc4 22. Bc1 b6 23. Nc7+ Kd7 24. Nxd5 Nxd5 25. Bxd5 Bxa3 26. Bxa3 Nxa3 27. Ra1 Rc3 28. Ne3 g6 29. Bf3 a5 30. Kg2 Nc2 31. Nxc2 Rxc2 32. Rb1 Rb8 33. Rb5 a4 34. Rd5+ Ke7 35. g4 a3 36. gxf5 gxf5 37. Rd6 a2 38. Rh6 Rg8+ 39. Kh3 a1=Q 0-1

[Event "WY U-16 Chess Olympiad 2019"]
[Site "Corum"]
[Date "2019.10.30"]
[Round "3"]
[White "Garayev, Sadig"]
[Black "Celik, Eylul"]
[Result "1-0"]
[WhiteElo "1723"]
[BlackElo "1896"]
[Annotator "NA"]
[PlyCount "127"]
[EventDate "2019.10.28"]
[EventType "team-tourn"]
[EventCountry "TUR"]
[SourceTitle "playchess.com"]
[Source "ChessBase"]
[SourceQuality "1"]

1. e4 c5 2. Nf3 e6 3. d4 cxd4 4. Nxd4 Qb6 5. Nb3 Qc7 6. Nc3 a6 7. Bd3 Nf6 8. Qe2 d6 9. g4 Nc6 10. g5 Nd7 11. f4 Be7 12. Bd2 Nc5 13. O-O-O b5 14. Be3 Nb4 15. Nxc5 dxc5 16. Qf2 c4 17. Be2 Nc6 18. e5 Bb7 19. Bf3 Nd8 20. Bb6 Qc8 21. Ne4 O-O 22. Nf6+ Bxf6 23. gxf6 Bxf3 24. Qg3 g6 25. Qg5 Kh8 26. Qh6 Rg8 27. Rxd8 Qxd8 28. Bxd8 Bxh1 29. Be7 Be4 30. c3 Bd3 31. Kd2 Bb1 32. a3 Be4 33. Ke3 Bd5 34. Kd4 Rac8 35. Ke3 Bg2 36. Kf2 Be4 37. Kg3 Bf5 38. Qg5 Rc7 39. Bd6 Rd7 40. Kh4 Be4 41. Qh6 Rdd8 42. Kg5 Rc8 43. Qh3 Bd5 44. Qe3 Ra8 45. Qb6 Rgc8 46. Bc7 Kg8 47. h4 h5 48. Bd6 Be4 49. f5 Bxf5 50. Kf4 Kh7 51. Qe3 Rd8 52. Kg3 Rd7 53. Kf2 Rdd8 54. Ke1 Rd7 55. Qf4 Rc8 56. Qf2 Rcd8 57. Qb6 Ra8 58. Qc6 Rdd8 59. Bc5 Rdc8 60. Qb7 Kg8 61. Be3 Rd8 62. Qf3 Kf8 63. Bc5+ Kg8 64. Qf4 1-0

[Event "WY U-16 Chess Olympiad 2019"]
[Site "Corum"]
[Date "2019.10.30"]
[Round "3"]
[White "Schnabel, Johann Emil"]
[Black "Nanayakkara, J A K Saranath"]
[Result "0-1"]
[WhiteElo "1708"]
[BlackElo "1924"]
[Annotator "NA"]
[PlyCount "114"]
[EventDate "2019.10.28"]
[EventType "team-tourn"]
[EventCountry "TUR"]
[SourceTitle "playchess.com"]
[Source "ChessBase"]
[SourceQuality "1"]

1. e4 c5 2. Nf3 d6 3. Bb5+ Nd7 4. O-O Ngf6 5. Re1 a6 6. Bd3 b5 7. c3 Bb7 8. b3 Qc7 9. c4 bxc4 10. bxc4 g6 11. Nc3 e6 12. Rb1 Bg7 13. Bc2 O-O 14. d3 Rab8 15. Ne2 Ne5 16. Nxe5 dxe5 17. Bg5 Nd7 18. Qd2 f5 19. f3 f4 20. Ba4 Bc6 21. Bxc6 Qxc6 22. Rb3 h6 23. Bh4 g5 24. Bf2 h5 25. Reb1 Bf6 26. g4 hxg4 27. fxg4 Be7 28. h3 Rb4 29. Kh2 Rfb8 30. Nc1 Nf6 31. Rxb4 cxb4 32. Nb3 Rd8 33. Qe2 Qc7 34. h4 a5 35. hxg5 Nh7 36. g6 Ng5 37. Rh1 Kg7 38. Bh4 Kxg6 39. Kg1 a4 40. Bxg5 Bxg5 41. Nc1 f3 42. Qh2 Bxc1 43. Qh5+ Kf6 44. g5+ Bxg5 45. Qxf3+ Bf4 46. Rh6+ Kg7 47. Rxe6 Kf7 48. Rh6 Kg7 49. Re6 Rg8 50. Qh5 Qf7 51. Qh3 Be3+ 52. Qxe3 Qxe6 53. Qa7+ Kh6+ 54. Kf2 Qf6+ 55. Ke2 Rg2+ 56. Ke1 Qf3 57. Qb6+ Kh5 0-1

[Event "WY U-16 Chess Olympiad 2019"]
[Site "Corum"]
[Date "2019.10.30"]
[Round "3"]
[White "Zholdoshmamatov, Adilet"]
[Black "Claassen, Jean-Daniel"]
[Result "1-0"]
[WhiteElo "1682"]
[BlackElo "1573"]
[Annotator "NA"]
[PlyCount "83"]
[EventDate "2019.10.28"]
[EventType "team-tourn"]
[EventCountry "TUR"]
[SourceTitle "playchess.com"]
[Source "ChessBase"]
[SourceQuality "1"]

1. e4 c5 2. Nc3 g6 3. f4 Bg7 4. Nf3 Nc6 5. Bc4 e6 6. d3 Nge7 7. O-O Nd4 8. a4 d5 9. Ba2 O-O 10. Bd2 dxe4 11. dxe4 Nec6 12. e5 Qb6 13. Rb1 Nb4 14. Ne1 Bd7 15. Bc4 f6 16. exf6 Bxf6 17. Ne4 Nd5 18. c3 Nf5 19. Nxf6+ Rxf6 20. Nf3 Bc6 21. Re1 Nd6 22. Bxd5 exd5 23. a5 Qxa5 24. c4 Qb6 25. cxd5 Bxd5 26. Bc3 Bxf3 27. Qxf3 Rf7 28. Qd5 Nf5 29. Re6 Qc7 30. Rbe1 Nd4 31. Bxd4 cxd4 32. f5 Raf8 33. fxg6 hxg6 34. Rxg6+ Kh8 35. Qxd4+ Kh7 36. Rg3 Rf4 37. Rh3+ Kg6 38. Qd3+ R8f5 39. Re6+ Kg7 40. Qg3+ Kf7 41. Qg6+ Kf8 42. Re8# 1-0

[Event "WY U-16 Chess Olympiad 2019"]
[Site "Corum"]
[Date "2019.10.30"]
[Round "3"]
[White "Felix, Ethon"]
[Black "Mirlan uulu, Syimyk"]
[Result "0-1"]
[WhiteElo "1675"]
[BlackElo "1899"]
[Annotator "NA"]
[PlyCount "77"]
[EventDate "2019.10.28"]
[EventType "team-tourn"]
[EventCountry "TUR"]
[SourceTitle "playchess.com"]
[Source "ChessBase"]
[SourceQuality "1"]

1. d4 e6 2. Nf3 d5 3. Bf4 Nf6 4. e3 Bd6 5. Nbd2 O-O 6. a3 b6 7. h4 c5 8. Ne5 Bb7 9. g4 cxd4 10. exd4 Ne4 11. Bg2 f6 12. Nd3 Bxf4 13. Nxf4 Qd6 14. Ne2 f5 15. g5 Nd7 16. Nf1 f4 17. Bf3 Rad8 18. c3 e5 19. Qc2 Nxf2 20. Kxf2 e4 21. Bg4 e3+ 22. Nxe3 fxe3+ 23. Kxe3 Rde8+ 24. Kd2 Rf2 25. Rag1 Ba6 26. Kd1 Bxe2+ 27. Bxe2 Rexe2 28. Qxe2 Rxe2 29. Kxe2 Qc6 30. Kd2 Qb5 31. Kc2 Qe2+ 32. Kb1 Nf8 33. h5 Ne6 34. Ka1 Nf4 35. Re1 Qg4 36. Rhf1 Qxg5 37. Re5 Qf6 38. h6 gxh6 39. Re8+ 0-1

[Event "WY U-16 Chess Olympiad 2019"]
[Site "Corum"]
[Date "2019.10.30"]
[Round "3"]
[White "Kiripitige, Chathula"]
[Black "Abdikani Nor, Mohamed"]
[Result "1-0"]
[WhiteElo "1665"]
[BlackElo "1518"]
[Annotator "NA"]
[PlyCount "71"]
[EventDate "2019.10.28"]
[EventType "team-tourn"]
[EventCountry "TUR"]
[SourceTitle "playchess.com"]
[Source "ChessBase"]
[SourceQuality "1"]

1. e4 c5 2. Nf3 d6 3. d4 cxd4 4. Nxd4 Nf6 5. Nc3 a6 6. f3 e5 7. Nb3 Be7 8. Be3 Be6 9. Qd2 d5 10. exd5 Nxd5 11. Nxd5 Qxd5 12. Qxd5 Bxd5 13. O-O-O Be6 14. Nc5 Bc8 15. Bd3 O-O 16. Be4 Nc6 17. Nd7 Re8 18. Bxc6 bxc6 19. Nxe5 Be6 20. a3 c5 21. Nd3 Rec8 22. Rhe1 c4 23. Nf4 c3 24. Bd4 cxb2+ 25. Bxb2 Bf5 26. Nd3 Bd6 27. g3 Rab8 28. Re2 h6 29. g4 Bh7 30. Ne5 Be7 31. f4 Bf6 32. Rd6 Rc5 33. Rxf6 Rxb2 34. Rc6 Rbb5 35. Nd7 Be4 36. Rxc5 1-0

[Event "WY U-16 Chess Olympiad 2019"]
[Site "Corum"]
[Date "2019.10.30"]
[Round "3"]
[White "Mekarapiruk, Chawit"]
[Black "Veljanoski, Andrej"]
[Result "0-1"]
[WhiteElo "1657"]
[BlackElo "1936"]
[Annotator "NA"]
[PlyCount "84"]
[EventDate "2019.10.28"]
[EventType "team-tourn"]
[EventCountry "TUR"]
[SourceTitle "playchess.com"]
[Source "ChessBase"]
[SourceQuality "1"]

1. d4 d5 2. Nf3 Nf6 3. c4 e6 4. g3 c6 5. Bg2 dxc4 6. a4 Nbd7 7. Qc2 Bd6 8. Qxc4 e5 9. dxe5 Nxe5 10. Nxe5 Bxe5 11. Qb3 O-O 12. O-O Qc7 13. Nc3 Be6 14. Qc2 a5 15. h3 Rad8 16. Be3 Nd5 17. Nxd5 Bxd5 18. Rfd1 Bxg3 19. Bxd5 Rxd5 20. Rxd5 cxd5 21. Qxc7 Bxc7 22. Rc1 Be5 23. Rc5 Bxb2 24. Rxd5 Bc3 25. Bb6 Ra8 26. Rd7 h6 27. Rxb7 Re8 28. e3 Re4 29. Rc7 Bd2 30. Bd4 Re8 31. Kg2 Rb8 32. Rc4 Rb3 33. Bc5 Rb2 34. Kf3 Be1 35. e4 Kh7 36. e5 Ra2 37. Re4 Ra1 38. Ke2 Bb4 39. Bxb4 Rxa4 40. Kd3 Rxb4 41. Rc4 Rxc4 42. Kxc4 Kg6 0-1

[Event "WY U-16 Chess Olympiad 2019"]
[Site "Corum"]
[Date "2019.10.30"]
[Round "3"]
[White "Chuemsakul, Sarocha"]
[Black "Ameer, Dhafer Abdulameer"]
[Result "0-1"]
[WhiteElo "1645"]
[BlackElo "1770"]
[Annotator "NA"]
[PlyCount "46"]
[EventDate "2019.10.28"]
[EventType "team-tourn"]
[EventCountry "TUR"]
[SourceTitle "playchess.com"]
[Source "ChessBase"]
[SourceQuality "1"]

1. d4 d5 2. c4 c6 3. Nf3 Nf6 4. Nc3 dxc4 5. a4 Bf5 6. e3 e6 7. Bxc4 Bb4 8. Bd2 Nbd7 9. O-O O-O 10. Rc1 c5 11. Nb1 Qb6 12. Bxb4 Qxb4 13. Qb3 Qxb3 14. Bxb3 Rac8 15. Nbd2 cxd4 16. Nxd4 Bd3 17. Rfe1 Nc5 18. Bc4 Rfd8 19. Red1 e5 20. N4f3 e4 21. Nd4 Nxa4 22. Bxd3 exd3 23. Nc4 Rc5 0-1

[Event "WY U-16 Chess Olympiad 2019"]
[Site "Corum"]
[Date "2019.10.30"]
[Round "3"]
[White "Dahampriya, H K T Dewnethmie"]
[Black "Putter, Nicola"]
[Result "1-0"]
[WhiteElo "1629"]
[BlackElo "1421"]
[Annotator "NA"]
[PlyCount "113"]
[EventDate "2019.10.28"]
[EventType "team-tourn"]
[EventCountry "TUR"]
[SourceTitle "playchess.com"]
[Source "ChessBase"]
[SourceQuality "1"]

1. e4 e5 2. Nf3 Nc6 3. Bb5 a6 4. Ba4 Nf6 5. O-O Be7 6. Re1 b5 7. Bb3 d6 8. c3 O-O 9. h3 Na5 10. Bc2 c5 11. d4 Qc7 12. Nbd2 Re8 13. Nf1 h6 14. Ng3 Bf8 15. d5 Nc4 16. Nh2 g6 17. b3 Nb6 18. f4 Nfd7 19. f5 c4 20. Qf3 Bg7 21. Rf1 Nf6 22. fxg6 fxg6 23. Bxh6 Rf8 24. Bxg7 Kxg7 25. Qe3 cxb3 26. Bxb3 Nc4 27. Qg5 Nh7 28. Nh5+ Kh8 29. Rxf8+ Nxf8 30. Qh6+ Nh7 31. Qxg6 Bxh3 32. Nf6 Qa7+ 33. Kh1 Bxg2+ 34. Kxg2 Rf8 35. Qxh7+ Qxh7 36. Nxh7 Kxh7 37. Bxc4 bxc4 38. Rb1 Rc8 39. Rb6 Rc5 40. Rxa6 Rb5 41. Rc6 Rb2+ 42. Kg3 Rxa2 43. Rxc4 Kg7 44. Rc6 Ra3 45. Ng4 Kf7 46. Nh6+ Ke7 47. Nf5+ Kf7 48. Nxd6+ Kg7 49. Nf5+ Kf7 50. Rc7+ Kf6 51. d6 Ke6 52. d7 Rb3 53. d8=Q Rxc3+ 54. Rxc3 Kf7 55. Rc7+ Kg6 56. Rg7+ Kh5 57. Qh4# 1-0

[Event "WY U-16 Chess Olympiad 2019"]
[Site "Corum"]
[Date "2019.10.30"]
[Round "3"]
[White "Taban, Yagiz"]
[Black "Kusa, Jakub"]
[Result "0-1"]
[WhiteElo "1591"]
[BlackElo "2156"]
[Annotator "NA"]
[PlyCount "108"]
[EventDate "2019.10.28"]
[EventType "team-tourn"]
[EventCountry "TUR"]
[SourceTitle "playchess.com"]
[Source "ChessBase"]
[SourceQuality "1"]

1. Nc3 e5 2. Nf3 Nc6 3. g3 Nf6 4. d3 d5 5. Bg2 Be7 6. O-O O-O 7. e4 dxe4 8. dxe4 Bg4 9. Bg5 Nd4 10. Bxf6 Bxf6 11. Nd5 Bg5 12. c3 Nxf3+ 13. Bxf3 Be6 14. h4 Bh6 15. Qc2 c6 16. Nb4 Qf6 17. Qe2 Rfd8 18. Rfd1 a5 19. Nd3 Bc4 20. Bg2 Bxd3 21. Rxd3 Rxd3 22. Qxd3 Rd8 23. Qf3 Qd6 24. Qe2 g6 25. Bf3 Qe6 26. Rd1 Rxd1+ 27. Qxd1 Qxa2 28. Qc2 Bf8 29. Bd1 b5 30. Qb3 Qxb3 31. Bxb3 Bh6 32. Ba2 Bc1 33. b3 Kf8 34. Kf1 Bb2 35. c4 Ke7 36. Ke2 Bc3 37. g4 Kd6 38. Kd3 Bb4 39. cxb5 cxb5 40. h5 gxh5 41. gxh5 Kc5 42. f3 Be1 43. b4+ Kxb4 44. Bxf7 Ka3 45. h6 Bg3 46. Bg8 Bf4 47. Bxh7 Bxh6 48. Kc2 b4 49. Bg8 a4 50. f4 Bxf4 51. Kb1 b3 52. Ka1 Kb4 53. Kb1 a3 54. Bd5 Be3 0-1

[Event "WY U-16 Chess Olympiad 2019"]
[Site "Corum"]
[Date "2019.10.30"]
[Round "3"]
[White "Thenuwara, Rashmika"]
[Black "Modi, Yashil"]
[Result "1-0"]
[WhiteElo "1507"]
[BlackElo "2053"]
[Annotator "NA"]
[PlyCount "71"]
[EventDate "2019.10.28"]
[EventType "team-tourn"]
[EventCountry "TUR"]
[SourceTitle "playchess.com"]
[Source "ChessBase"]
[SourceQuality "1"]

1. d4 Nf6 2. Nf3 g6 3. Bf4 Bg7 4. e3 O-O 5. c3 d6 6. h3 c5 7. Be2 a6 8. O-O b6 9. Nbd2 Bb7 10. Qb3 Nbd7 11. Rfe1 e5 12. dxe5 Nd5 13. Bg5 Qc7 14. e4 h6 15. exd5 hxg5 16. e6 Ne5 17. Nxg5 Bh6 18. exf7+ Kh8 19. Ndf3 Nxf3+ 20. Nxf3 b5 21. c4 Qxf7 22. Rad1 b4 23. Bd3 Bc8 24. Be4 a5 25. Qc2 g5 26. Re2 Qf6 27. Nh2 Bg7 28. Ng4 Bxg4 29. hxg4 Rae8 30. Rd3 Kg8 31. Rh3 Re5 32. Bh7+ Kh8 33. Rxe5 dxe5 34. Bg8+ Kxg8 35. Qh7+ Kf7 36. Rf3 1-0

[Event "WY U-16 Chess Olympiad 2019"]
[Site "Corum"]
[Date "2019.10.30"]
[Round "3"]
[White "Angjelkoska Jana"]
[Black "Jingjang, Shin"]
[Result "0-1"]
[WhiteElo "1441"]
[BlackElo "1584"]
[Annotator "NA"]
[PlyCount "90"]
[EventDate "2019.10.28"]
[EventType "team-tourn"]
[EventCountry "TUR"]
[SourceTitle "playchess.com"]
[Source "ChessBase"]
[SourceQuality "1"]

1. e4 e6 2. d4 d5 3. exd5 exd5 4. Bd3 Bd6 5. Qf3 Ne7 6. Ne2 O-O 7. Nbc3 a6 8. Bg5 f6 9. Bf4 Be6 10. O-O-O Nbc6 11. Qe3 Bf7 12. Qh3 Ng6 13. g3 Nce7 14. Rde1 Re8 15. Nd1 Qc8 16. Qh5 Qd7 17. Ne3 Nf8 18. Qf3 c6 19. Bxd6 Qxd6 20. g4 Ne6 21. h4 Bg6 22. Bxg6 Nxg6 23. Nf5 Qc7 24. h5 Ngf4 25. Kb1 Nxe2 26. Rxe2 Qf4 27. Re3 Qxf3 28. Rxf3 Ng5 29. Rb3 b5 30. Rc3 Re6 31. Rxc6 Rae8 32. Rxe6 Rxe6 33. c3 Re2 34. Ne3 Rxf2 35. Nxd5 Nf3 36. h6 Nd2+ 37. Kc1 Nc4 38. Ne7+ Kf7 39. hxg7 Kxg7 40. Nf5+ Kg6 41. Rh6+ Kg5 42. b3 Na3 43. Rxh7 Kxg4 44. Ne3+ Kf4 45. Nd1 Rc2# 0-1

[Event "WY U-16 Chess Olympiad 2019"]
[Site "Corum"]
[Date "2019.10.30"]
[Round "3"]
[White "Cheng, Amanda"]
[Black "Mohamed Ali S"]
[Result "1-0"]
[WhiteElo "1420"]
[BlackElo "1073"]
[Annotator "NA"]
[PlyCount "57"]
[EventDate "2019.10.28"]
[EventType "team-tourn"]
[EventCountry "TUR"]
[SourceTitle "playchess.com"]
[Source "ChessBase"]
[SourceQuality "1"]

1. e4 e5 2. Nf3 Nc6 3. d4 exd4 4. Bc4 Bc5 5. c3 dxc3 6. Bxf7+ Kxf7 7. Qd5+ Ke8 8. Qh5+ Kf8 9. Qxc5+ Nge7 10. Nxc3 d6 11. Qc4 Ne5 12. Nxe5 dxe5 13. O-O Ng6 14. Be3 Ke8 15. Rad1 Qf6 16. Nd5 Qe6 17. Nxc7+ Kf7 18. Nxe6 Bxe6 19. Qc7+ Kf6 20. f4 Nxf4 21. Bxf4 exf4 22. Rxf4+ Kg6 23. Rd6 Rhe8 24. Qf7+ Kh6 25. Rh4+ Kg5 26. Rh5+ Kg4 27. h3+ Kg3 28. Rg5+ Kh4 29. Qh5# 1-0

[Event "WY U-16 Chess Olympiad 2019"]
[Site "Corum"]
[Date "2019.10.30"]
[Round "3"]
[White "Pirmetova, Dariga"]
[Black "Shaw, Laurie Ann"]
[Result "1-0"]
[WhiteElo "1379"]
[BlackElo "1274"]
[Annotator "NA"]
[PlyCount "43"]
[EventDate "2019.10.28"]
[EventType "team-tourn"]
[EventCountry "TUR"]
[SourceTitle "playchess.com"]
[Source "ChessBase"]
[SourceQuality "1"]

1. e4 c5 2. Nf3 Nc6 3. Bb5 Nd4 4. Bc4 g6 5. c3 Nc6 6. d4 cxd4 7. cxd4 Bg7 8. O-O e6 9. Nc3 Nge7 10. d5 Ne5 11. Nxe5 Bxe5 12. Bh6 Qc7 13. Qd3 Bxh2+ 14. Kh1 Be5 15. f4 Bd6 16. e5 Bxe5 17. fxe5 Qxe5 18. Kg1 Qh5 19. Bg7 Rg8 20. Bf6 a6 21. Rad1 b5 22. dxe6 1-0

[Event "WY U-16 Chess Olympiad 2019"]
[Site "Corum"]
[Date "2019.10.30"]
[Round "3"]
[White "Gardiner, Noa Saxon"]
[Black "Sapenov, Daniyal"]
[Result "0-1"]
[WhiteElo "1311"]
[BlackElo "1656"]
[Annotator "NA"]
[PlyCount "102"]
[EventDate "2019.10.28"]
[EventType "team-tourn"]
[EventCountry "TUR"]
[SourceTitle "playchess.com"]
[Source "ChessBase"]
[SourceQuality "1"]

1. e4 e5 2. Nc3 Bc5 3. f4 d6 4. Nf3 Bg4 5. Na4 Bb6 6. Nxb6 axb6 7. Bc4 Nf6 8. d3 Nc6 9. c3 O-O 10. h3 Bxf3 11. Qxf3 Qe7 12. f5 Na5 13. O-O Nxc4 14. dxc4 Nd7 15. Be3 f6 16. Qd1 Kh8 17. Qb3 Qf7 18. Rfd1 h6 19. Rd2 Nb8 20. Qc2 Qxc4 21. a3 Qf7 22. Rad1 Nc6 23. Rd5 Ne7 24. R5d2 Rfd8 25. c4 Nc6 26. Rd5 Kg8 27. Qe2 Rd7 28. Qg4 Kh7 29. Qe2 Ne7 30. R5d2 Rdd8 31. c5 bxc5 32. Bxc5 b6 33. Bf2 Rd7 34. Rc1 Rad8 35. Rdc2 c5 36. Qb5 Nc8 37. Rd2 d5 38. Qb3 d4 39. Qxf7 Rxf7 40. Rd3 Nd6 41. Re1 Rc7 42. b3 b5 43. a4 bxa4 44. bxa4 c4 45. Ra3 Ra8 46. a5 Rca7 47. Rc1 Rxa5 48. Rxa5 Rxa5 49. Be1 c3 50. Rd1 Nxe4 51. Kf1 Ra2 0-1

[Event "WY U-16 Chess Olympiad 2019"]
[Site "Corum"]
[Date "2019.10.30"]
[Round "3"]
[White "Booysen, Tineke"]
[Black "Kenbeilov, Timur"]
[Result "0-1"]
[WhiteElo "1310"]
[BlackElo "1844"]
[Annotator "NA"]
[PlyCount "62"]
[EventDate "2019.10.28"]
[EventType "team-tourn"]
[EventCountry "TUR"]
[SourceTitle "playchess.com"]
[Source "ChessBase"]
[SourceQuality "1"]

1. e4 d5 2. exd5 Qxd5 3. Nc3 Qd6 4. d4 Nf6 5. Nf3 Bg4 6. Be2 e6 7. Be3 Nc6 8. Qd2 Be7 9. O-O-O O-O-O 10. h3 Bh5 11. g4 Bg6 12. Nh4 Ne4 13. Nxe4 Bxe4 14. Nf3 Nb4 15. a3 Nxc2 16. Qc3 Nxe3 17. fxe3 h5 18. Ne5 Bxh1 19. Nxf7 Qc6 20. Nxd8 Bxd8 21. Qxc6 Bxc6 22. gxh5 Bg5 23. Kd2 Be8 24. Rg1 Bf6 25. Bg4 Kd7 26. d5 Bf7 27. b3 Kd6 28. dxe6 Bxe6 29. Kc2 Bf7 30. Rd1+ Kc6 31. Bf3+ Kb6 0-1